|
|
|
|
| LEADER |
00000nam a2200000 a 4500 |
| 001 |
UCY3868 |
| 003 |
CL-VaPUC |
| 008 |
950119e19810000SP |||||||||||||||||spa|d |
| 082 |
0 |
4 |
|a 155.282
|b VEL
|2 21
|
| 100 |
0 |
|
|a Vels, Augusto
|e author
|9 332293
|
| 245 |
1 |
0 |
|a Escritura y personalidad: las bases cientificas de la grafologia
|
| 250 |
|
|
|a 6a. ed
|
| 300 |
|
|
|a 473 p
|
| 942 |
|
|
|c BK
|
| 945 |
|
|
|d 19950119 00:00:00
|a oaravena
|
| 260 |
|
|
|a Barcelona
|b Herder
|c 1981
|
| 650 |
|
0 |
|a Grafología
|9 312247
|
| 583 |
|
|
|a last modification
|c 19950119 00:00:00
|k Rodrigo Vera
|
| 999 |
|
|
|c 231909
|d 231907
|
| 952 |
|
|
|0 0
|1 1
|2 ddc
|4 0
|6 155_282000000000000_VEL_1981
|7 0
|8 A
|9 235725
|a BIBART
|b BIBART
|d 2019-11-15
|i 3053490
|o 155.282 VEL 1981
|p 3053490
|r 2019-11-15
|w 2019-11-15
|y BK
|k ART
|